National Conversation Leaflet (Record no. 109716)
[ view plain ]
| 000 -LEADER | |
|---|---|
| fixed length control field | 01303cad a22002295a 4500 |
| 001 - CONTROL NUMBER | |
| control field | L147762 |
| 008 - FIXED-LENGTH DATA ELEMENTS--GENERAL INFORMATION | |
| fixed length control field | 090615s2009 xxkado f 000 0 eng d |
| 035 ## - SYSTEM CONTROL NUMBER | |
| System control number | (Sirsi) u147762 |
| 041 0# - LANGUAGE CODE | |
| Language code of text/sound track or separate title | eng |
| 050 04 - LIBRARY OF CONGRESS CALL NUMBER | |
| Classification number | 333.33 $2 18 |
| 110 2# - MAIN ENTRY--CORPORATE NAME | |
| Corporate name or jurisdiction name as entry element | Tenant Services Authority |
| 9 (RLIN) | 5662 |
| 245 00 - TITLE STATEMENT | |
| Title | National Conversation Leaflet |
| Remainder of title | have your say about standards in social housing |
| Medium | [electronic resource] |
| 260 ## - PUBLICATION, DISTRIBUTION, ETC. | |
| Place of publication, distribution, etc. | London |
| Name of publisher, distributor, etc. | TSA |
| Date of publication, distribution, etc. | 2009 |
| 520 ## - SUMMARY, ETC. | |
| Summary, etc. | Presents the second phase of the Tenants Services Authority's National Conversation, a programme engagement between landlords and tenants. Phase 2 consists of a consultation held until September 2009, with the goal of collecting views on standards set by the Tenants Services Authority. Accompanied by two other documents entitled "National Conversation Phase one findings" (see L147758) and "Building a new regulatory framework" (see L147759), and their executive summary, all available to download from the website. |
| 521 ## - TARGET AUDIENCE NOTE | |
| Target audience note | Advanced |
| 590 ## - LOCAL NOTE (RLIN) | |
| Local note | KA NTK |
| 650 24 - SUBJECT ADDED ENTRY--TOPICAL TERM | |
| Topical term or geographic name entry element | HOUSING AND REGENERATION ACT 2008 |
| 651 #4 - SUBJECT ADDED ENTRY--GEOGRAPHIC NAME | |
| Geographic name | England and Wales |
| Chronological subdivision | 1543- |
| 690 ## - LOCAL SUBJECT ADDED ENTRY--TOPICAL TERM (OCLC, RLIN) | |
| Topical term or geographic name as entry element | PROPERTY-RESIDENTIAL PROPERTY |
| 856 40 - ELECTRONIC LOCATION AND ACCESS | |
| Uniform Resource Identifier | <a href="https://www.tenantservicesauthority.org/server/show/ConWebDoc.18499">https://www.tenantservicesauthority.org/server/show/ConWebDoc.18499</a> |
| Public note | View the leaflet free of charge at www.tenantservicesauthority.org... |
| 942 ## - ADDED ENTRY ELEMENTS (KOHA) | |
| Suppress in OPAC | 0 |
| Withdrawn status | Lost status | Source of classification or shelving scheme | Damaged status | Not for loan | Home library | Current library | Shelving location | Date acquired | Total Checkouts | Full call number | Barcode | Date last seen | Copy number | Price effective from | Koha item type |
|---|---|---|---|---|---|---|---|---|---|---|---|---|---|---|---|
| Dewey Decimal Classification | Virtual | Virtual | Online | 15/06/2009 | ONLINE PUBLICATION | BOOK | 06/08/2019 | 1 | 06/08/2019 | Book |